Diputació de Barcelona [Objecte] : ... ...
Descripción Física:
1 bloc de notes DNI-A5 ; 21 x 15 cm
MARC
| LEADER | 00000nam a2200000Ia 4500 | ||
|---|---|---|---|
| 001 | 22657 | ||
| 008 | 160829s9999 xx 000 0 cat d | ||
| 080 | |a NBM-4-10 | ||
| 245 | |a Diputació de Barcelona [Objecte] : |b ... | ||
| 260 | |a Barcelona : |b la Diputació, [2009?] | ||
| 300 | |a 1 bloc de notes DNI-A5 ; |c 21 x 15 cm | ||
| 710 | 1 | |a Barcelona (Catalunya : Província). |b Diputació |9 52408 | |
| 901 | |a Arxiu | ||
| 942 | |n 1 | ||
| 952 | |0 0 |1 0 |4 0 |6 NBM410 |7 1 |9 52268 |a Arxiu |b Arxiu |d 2016-12-01 |l 0 |o NBM-4-10 |p 22657 |r 2016-12-01 00:00:00 |w 2016-12-01 |y ARXIU | ||
| 999 | |c 56116 |d 56116 | ||